Artists by Live Album - Statistics

General Stats
  • This quiz has been taken 376 times
  • The average score is 7 of 25
Answer Stats
Hint Answer % Correct
At Folsom Prison Johnny Cash
84%
Unplugged in New York Nirvana
67%
Under a Blood Red Sky U2
60%
Pulse Pink Floyd
44%
The Last Waltz The Band
43%
S&M Metallica
42%
How the West Was Won Led Zeppelin
40%
Live in Central Park Simon & Garfunkel
40%
Bullet in a Bible Green Day
33%
Rock Montreal Queen
29%
Live on Ten Legs Pearl Jam
23%
Skin and Bones Foo Fighters
22%
Haarp Muse
22%
The Royal Albert Hall Concert Bob Dylan
19%
Under the Great White Northern Lights The White Stripes
18%
Death on the Road Iron Maiden
17%
I Might Be Wrong: Live Recordings Radiohead
15%
Live in Hyde Park Red Hot Chili Peppers
15%
I'm Going to Tell You a Secret Madonna
14%
Minimum Maximum Kraftwerk
8%
PNYC: Roseland Live Portishead
8%
A Cross the Universe Justice
6%
Live: From Here to Eternity The Clash
6%
Glitter and Doom Tom Waits
6%
At the Apollo Arctic Monkeys
4%
No matching quizzes found
Score Distribution
Percent of People with Each Score
Percentile by Number Answered
Your Score History
You have not taken this quiz